Statistics for Cities: new nationality, new name

Click here to take the quiz!

General Stats

  • This quiz has been taken 59 times
  • The average score is 12 of 24

Answer Stats

HintAnswer% Correct
Danzig (when part of Prussia)Gdańsk
93%
Straßburg (when part of Germany)Strasbourg
93%
Königsberg (when part of Prussia)Kaliningrad
85%
Nizza (when part of Piedmont)Nice
78%
Helsingfors (when part of Sweden)Helsinki
75%
Venedig (when part of Austria)Venice
73%
Lybæk (when part of Denmark)Lübeck
69%
Wilno (when part of Poland)Vilnius
69%
Bükreş (when in the Ottoman Empire)Bucharest
67%
Preßburg (when part of Austria)Bratislava
51%
Breslau (when part of Germany)Wrocław
47%
Reval (when part of Sweden)Tallinn
42%
Selanik (when in the Ottoman Empire)Thessaloniki
42%
Laibach (when part of Austria)Ljubljana
40%
Lemberg (when part of Prussia)Lviv
38%
Aix-la-Chapelle (when part of France)Aachen
36%
Trèves (when part of France)Trier
29%
Fiume (when part of Italy) | Sankt Veit am Flaum (when part of Austria)Rijeka
25%
Memel (when part of Prussia)Klaipėda
22%
Rysel (when part of Flanders)Lille
20%
Újvidék (when part of Austro-Hungary)Novi Sad
16%
Filibe (when in the Ottoman Empire)Plovdiv
15%
Bois-le-Duc (when part of France)'s-Hertogenbosch
15%

Score Distribution

Percentile by Number Answered

Percent of People with Each Score

Your Score History

You have not taken this quiz